| 000 -LEADER |
| fixed length control field |
01419cam a2200337 i 4500 |
| 003 - CONTROL NUMBER IDENTIFIER |
| control field |
OSt |
| 005 - DATE AND TIME OF LATEST TRANSACTION |
| control field |
20220316134416.0 |
| 008 - FIXED-LENGTH DATA ELEMENTS--GENERAL INFORMATION |
| fixed length control field |
210626s2021 sw ae b 001 0deng |
| 020 ## - INTERNATIONAL STANDARD BOOK NUMBER |
| International Standard Book Number |
9783038602323 |
| Qualifying information |
English edition |
| -- |
hardbound |
| 035 ## - SYSTEM CONTROL NUMBER |
| System control number |
(GyWOH)har210005037 |
| 040 ## - CATALOGING SOURCE |
| Original cataloging agency |
DLC |
| Language of cataloging |
eng |
| Transcribing agency |
DLC |
| Description conventions |
rda |
| 041 1# - LANGUAGE CODE |
| Language code of text/sound track or separate title |
eng |
| Language code of original and/or intermediate translations of text |
swe |
| 042 ## - AUTHENTICATION CODE |
| Authentication code |
pcc |
| 082 ## - DEWEY DECIMAL CLASSIFICATION NUMBER |
| Classification number |
720.92 |
| 240 00 - UNIFORM TITLE |
| Uniform title |
<a href="Sigurd Lewerentz : dödens och livets arkitekt">Sigurd Lewerentz : dödens och livets arkitekt</a> |
| Language of a work |
English |
| 245 00 - TITLE STATEMENT |
| Title |
Sigurd Lewerentz : |
| Remainder of title |
architect of death and life / |
| Statement of responsibility, etc |
Kieran Long, Johan Örn, Mikael Andersson ; translation: Anna paterson ; editors: Kieran Long and Johan Örn. |
| 250 ## - EDITION STATEMENT |
| Edition statement |
1. Auflage. |
| 300 ## - PHYSICAL DESCRIPTION |
| Extent |
720 pages : |
| Other physical details |
illustrations (chiefly color), plans ; |
| Dimensions |
31 cm. |
| 504 ## - BIBLIOGRAPHY, ETC. NOTE |
| Bibliography, etc |
Includes bibliographical references (pages 705-707) and index. |
| 585 ## - EXHIBITIONS NOTE |
| Exhibitions note |
Catalog of an exhibition held at the ArkDes, Stockholm, October 1, 2021 to August 28, 2022. |
| 600 10 - SUBJECT ADDED ENTRY--PERSONAL NAME |
| Personal name |
Lewerentz, Sigurd, |
| Dates associated with a name |
1885-1975 |
| Form subdivision |
Exhibitions |
| 650 #0 - SUBJECT ADDED ENTRY--TOPICAL TERM |
| Topical term or geographic name as entry element |
Architecture |
| Geographic subdivision |
Sweden |
| Chronological subdivision |
20th century |
| Form subdivision |
Exhibitions |
| 700 12 - ADDED ENTRY--PERSONAL NAME |
| Personal name |
Lewerentz, Sigurd, |
| Dates associated with a name |
1885-1975 |
| Form subheading |
Works |
| Title of a work |
Selections |
| 700 1# - ADDED ENTRY--PERSONAL NAME |
| Personal name |
Long, Kieran, |
| Relator term |
author |
| -- |
editor. |
| 700 1# - ADDED ENTRY--PERSONAL NAME |
| Personal name |
Örn, Johan, |
| Dates associated with a name |
1974- |
| Relator term |
author. |
| 700 1# - ADDED ENTRY--PERSONAL NAME |
| Personal name |
Andersson, Mikael, |
| Dates associated with a name |
1961- |
| Relator term |
editor. |
| 700 1# - ADDED ENTRY--PERSONAL NAME |
| Personal name |
Paterson, Anna |
| Fuller form of name |
(Anna Tora), |
| Dates associated with a name |
1942- |
| Relator term |
translator. |
| 710 2# - ADDED ENTRY--CORPORATE NAME |
| Corporate name or jurisdiction name as entry element |
Arkitektur- och designcentrum, |
| Relator term |
host institution. |
| 776 08 - ADDITIONAL PHYSICAL FORM ENTRY |
| International Standard Book Number |
9789187447174 |
| Display text |
Swedish edition |
| 942 ## - ADDED ENTRY ELEMENTS (KOHA) |
| Source of classification or shelving scheme |
|